A telek(e) lexéma labializációs változása az ómagyar korban

Elmentve itt :
Bibliográfiai részletek
Szerző: Dudás Györgyi
Testületi szerző: Országos Nyelvészeti Doktorandusz Konferencia (6.) (2002) (Szeged)
Dokumentumtípus: Könyv része
Megjelent: 2004
Sorozat:LingDok : nyelvész-doktoranduszok dolgozatai
LingDok 3.
Kulcsszavak:Nyelvészet
Tárgyszavak:
Online Access:http://acta.bibl.u-szeged.hu/62875
LEADER 00819naa a2200229 i 4500
001 acta62875
005 20220110100635.0
008 191127s2004 hu o 0|| hun d
022 |a 2416-0601 
040 |a SZTE Egyetemi Kiadványok Repozitórium  |b hun 
041 |a hun 
100 1 |a Dudás Györgyi 
245 1 2 |a A telek(e) lexéma labializációs változása az ómagyar korban  |h [elektronikus dokumentum] /  |c  Dudás Györgyi 
260 |c 2004 
300 |a 48-58 
490 0 |a LingDok : nyelvész-doktoranduszok dolgozatai 
490 0 |a LingDok 3. 
650 4 |a Bölcsészettudományok 
650 4 |a Nyelvek és irodalom 
695 |a Nyelvészet 
710 |a Országos Nyelvészeti Doktorandusz Konferencia (6.) (2002) (Szeged) 
856 4 0 |u http://acta.bibl.u-szeged.hu/62875/1/lingdok_003_048-058.pdf  |z Dokumentum-elérés